Mezclando memoria y deseo : (Registro nro. 190791)

Detalles MARC
000 -LEADER
campo de control de longitud fija 01014nam a2200253 c 4500
001 - NÚMERO DE CONTROL
campo de control 190791
003 - IDENTIFICADOR DE NÚMERO DE CONTROL
campo de control ES-MaACL
005 - FECHA Y HORA DE LA ÚLTIMA TRANSACCIÓN
campo de control 20250301203710.0
008 - DATOS DE LONGITUD FIJA--INFORMACIÓN GENERAL
campo de control de longitud fija 220711s2020 sp 001 0 spa
020 ## - NÚMERO INTERNACIONAL ESTÁNDAR DEL LIBRO
Número Internacional Estándar del Libro 978-84-18178-46-7
080 ## - NÚMERO DE LA CLASIFICACIÓN DECIMAL UNIVERSAL
Número de la Clasificación Decimal Universal 821.134.2 Vázquez Montalbán, Manuel 2.07
100 1# - ENTRADA PRINCIPAL--NOMBRE DE PERSONA
Nombre de persona García, Sesi (
Fechas asociadas al nombre 1992-)
9 (RLIN) 174848
245 10 - MENCIÓN DEL TÍTULO
Título Mezclando memoria y deseo :
Resto del título la poesía de Manuel Vázquez Montalbán (1963-2003) /
Mención de responsabilidad, etc. Sergio García García.
260 ## - PUBLICACIÓN, DISTRIBUCIÓN, ETC.
Lugar de publicación, distribución, etc. Valencia :
Nombre del editor, distribuidor, etc. Pre-Textos ;
Lugar de publicación, distribución, etc. [Santander] :
Nombre del editor, distribuidor, etc. Fundación Gerardo Diego,
Fecha de publicación, distribución, etc. [2020]
300 ## - DESCRIPCIÓN FÍSICA
Extensión 388 p. ;
Dimensiones 24 cm.
500 ## - NOTA GENERAL
Nota general En lomo: 1659.
504 ## - NOTA DE BIBLIOGRAFÍA, ETC.
Nota de bibliografía, etc. Bibliografía: p. 365-388.
586 ## - NOTA DE PREMIOS
Nota de premios XX Premio Internacional "Gerardo Diego" de Investigación Literaria, 2019
600 04 - PUNTO DE ACCESO ADICIONAL DE MATERIA--NOMBRE DE PERSONA
Nombre de persona Vázquez Montalbán, Manuel,
9 (RLIN) 113463
Fechas asociadas al nombre 1939-
650 #0 - PUNTO DE ACCESO ADICIONAL DE MATERIA--TÉRMINO DE MATERIA
9 (RLIN) 235981
Término de materia o nombre geográfico como elemento de entrada Critica e interpretacion literaria
852 4# - LOCALIZACIÓN
Ubicación ES-MaACL
Número de control de estantería A-15013
itemnumber 197974
Sublocalización o colección R.153329
Ubicación en estantería Depósito 1
Signatura antigua Olim: N-8013
Donativo/Legado Donación: Editorial
942 ## - ELEMENTOS DE ENTRADA SECUNDARIOS (KOHA)
Fuente del sistema de clasificación o colocación Clasificación decimal universal
Existencias
Estatus retirado Estado de pérdida Fuente del sistema de clasificación o colocación Estado de daño No para préstamo Biblioteca de origen Biblioteca actual Ubicación en estantería Fecha de adquisición Fuente de adquisición Total de préstamos Signatura topográfica completa Código de barras Visto por última vez Precio de reemplazo Tipo de ítem Koha
    Clasificación decimal universal     Biblioteca del Ateneo de Madrid Biblioteca del Ateneo de Madrid Depósito 1 11/07/2022 Donación   A-15013 1203062 23/02/2023 23/02/2023 Libro impreso